000 00689cam a22002175a 4500
001 L153765
008 110826s2011 xxk f 000 0 eng d
020 _a9780860176954
035 _a(Sirsi) u153765
041 0 _aeng
050 0 4 _a333.72
100 1 _aBerry, C
245 0 0 _aGuide to Sustainable Procurement in Construction
260 _aLondon
_bCIRIA
_c2011
520 _aIncludes information on mitigating reputation risks whilst delivering clients' ambitions, and makes specific reference to the British Standard for sustainable procurement (BS 8903).
521 _aS
590 _aKA
651 4 _aENGLAND AND WALES
690 _aSUSTAINABLE DEVELOPMENTS
942 _n0
999 _c112690
_d112690